Strategies for endogenous development

Saved in:
Bibliographic Details
Main Author: Huynh, Cao Tri
Format: Book
Language:English
Published: New Delhi : Oxford and IBH , c1986
Subjects:
Tags: Add Tag
No Tags, Be the first to tag this record!

MARC

LEADER 00000nam a2200000 i 4500
001 1/93773
008 940809s1986 eng d
020 |a 81-204-0186-7 
035 |l 10008956 
040 |a GR-MY-UA  |b gre  |e aacr 
041 0 |a eng 
082 0 |a 338.90091724 
100 1 |a Huynh, Cao Tri. 
245 1 0 |a Strategies for endogenous development /  |c Huαynh Cao Tri...[et al.] 
260 |a New Delhi :   |b Oxford and IBH ,   |c c1986 
300 |a 304 p.;  |c 25 cm 
500 |a Published jointly by Oxford and IBH Pub. Co. and Unesco 
504 |a Includes bibliographical references 
650 0 0 |a Appropriate technology  |z Developing countries. 
852 |a INST  |b LESVOS  |e 19940809  |h 338.90091724 CAO  |p 005100010708  |q 005100010708  |t BK  |y 0 
909 |a Λ  |b 035635